| 000 | 00298 a2200121 4500 | ||
|---|---|---|---|
| 001 | 13202 | ||
| 082 | _a623.043 POI | ||
| 090 |
_c10203 _d10203 |
||
| 100 | _aPoisel, R.A. | ||
| 245 | _aElectronic warfare target location methods | ||
| 260 |
_aLondon _bArtech House _c2005 |
||
| 300 | _axii, 272 p. | ||
| 942 |
_aNUST-CAE _k623.043 POI |
||
| 999 |
_c248275 _d248275 |
||